Who's liable now? (Record no. 70200)

MARC details
000 -LEADER
fixed length control field 01250cam a2200217 4500
001 - CONTROL NUMBER
control field ABS65303
008 - FIXED-LENGTH DATA ELEMENTS--GENERAL INFORMATION
fixed length control field 020508n2002 000 0 eng u
035 ## - SYSTEM CONTROL NUMBER
System control number (Sirsi) u117877
100 ## - MAIN ENTRY--PERSONAL NAME
Personal name Greene, K
245 ## - TITLE STATEMENT
Title Who's liable now?
260 ## - PUBLICATION, DISTRIBUTION, ETC.
Date of publication, distribution, etc. 2002
490 ## - SERIES STATEMENT
Series statement Building Services
Volume/sequential designation 24(4) April 2002, 21(1)
520 ## - SUMMARY, ETC.
Summary, etc. Discusses if recently overturned "Baxall Securities v Sheard Walshaw Partnership" case means consultants without a contractual relationship cannot be held liable to third party for building defects. Originally in February 2001, case judgment showed, in absence of contract, rights of recovery of owner/occupier who has suffered loss as result of action of builder or professional were extremely limited. However, CA recently overturned this, arguing that wrong in law to impose duty of care on professionals owed to subsequent purchasers of property in regard to latent defect. Concludes duty of care can be extended to consultant in certain circumstances however.
590 ## - LOCAL NOTE (RLIN)
Local note ABS
650 ## - SUBJECT ADDED ENTRY--TOPICAL TERM
Topical term or geographic name entry element BAXALL SECURITIES LTD AND ANOTHER V SHEARD WALSHAW PARTNERSHIP
650 ## - SUBJECT ADDED ENTRY--TOPICAL TERM
Topical term or geographic name entry element DUTY OF CARE
650 ## - SUBJECT ADDED ENTRY--TOPICAL TERM
Topical term or geographic name entry element LATENT DEFECTS
690 ## - LOCAL SUBJECT ADDED ENTRY--TOPICAL TERM (OCLC, RLIN)
Topical term or geographic name as entry element BUILT ENVIRONMENT-BUILDING CONTRACT FORMS
700 ## - ADDED ENTRY--PERSONAL NAME
Personal name Banyard Smith, E
942 ## - ADDED ENTRY ELEMENTS (KOHA)
Suppress in OPAC 0
Holdings
Withdrawn status Lost status Source of classification or shelving scheme Damaged status Not for loan Home library Current library Shelving location Date acquired Total Checkouts Full call number Barcode Date last seen Copy number Price effective from Koha item type
    Dewey Decimal Classification     London London Journal article 08/05/2002   ABS65303 117877-1001 06/08/2019 1 06/08/2019 Journal article